000 00968nam a2200277Ia 4500
005 20220317001105.0
008 160825s1996 waua g 000 0 spa
082 0 4 _a363.348
_bO73e
110 2 _aOrganizacion Panamericana de la Salud. OPS
_965576
245 1 0 _aEstablecimiento de un sistema de atención de víctimas en masa
_cOrganización Panamericana de la Salud
250 _a1a. edición
300 _avi, 58 páginas
_bilustraciones
_c28 cm
500 _aIncluye índice
504 _aIncluye bibliografía
534 _tEstablishing a mass casualty management
650 1 4 _2LEMB
_aDesastres naturales
650 1 4 _2LEMB
_aAuxilios de desastres
650 1 4 _2LEMB
_aAtención al enfermo
650 1 4 _2LEMB
_aVictimas
942 _2ddc
_cBK
264 _aWashington. D.C
_bOPS
_c1996
336 _atexto
_btxt
_2rdacontent
337 _asin mediación
_bn
_2rdamedia
338 _avolumen
_bnc
_2rdacarrier
040 _aCO-BoRNBP
_bspa
_erda
_cCO-BoRNBP
999 _c5893
_d5893